| 000 -LEADER |
| fixed length control field |
00890pab a2200169 454500 |
| 008 - FIXED-LENGTH DATA ELEMENTS--GENERAL INFORMATION |
| fixed length control field |
180718b2000 xxu||||| |||| 00| 0 eng d |
| 100 ## - MAIN ENTRY--PERSONAL NAME |
| Personal name |
Navlakha, Gautam |
| 245 ## - TITLE STATEMENT |
| Title |
Kashmir: It's never too late to do the right thing |
| 260 ## - PUBLICATION, DISTRIBUTION, ETC. |
| Date of publication, distribution, etc. |
2000 |
| 300 ## - PHYSICAL DESCRIPTION |
| Extent |
p.2703-706 |
| 362 ## - DATES OF PUBLICATION AND/OR SEQUENTIAL DESIGNATION |
| Dates of publication and/or sequential designation |
29 Jul |
| 520 ## - SUMMARY, ETC. |
| Summary, etc. |
An obsession with territorial integrity has undermined the singular importance of the politics of solidarity, preventing an appreciation of the ground realities in Kashmir. The government's current offer to hold unconditional talks with the militant leadership, while commendable, cannot succeed unless there is a recognition of the urgent need to begin the long process of gaining the confidence of the Kashmiris. - Reproduced |
| 650 ## - SUBJECT ADDED ENTRY--TOPICAL TERM |
| Topical term or geographic name entry element |
Jammu and Kashmir - Politics and government |
| 650 ## - SUBJECT ADDED ENTRY--TOPICAL TERM |
| Topical term or geographic name entry element |
Politics and government |
| 773 ## - HOST ITEM ENTRY |
| Main entry heading |
Economic and Political Weekly |
| 909 ## - |
| -- |
45712 |